| 000 | 00617nam a22001337a 4500 | ||
|---|---|---|---|
| 040 | _cRUA | ||
| 082 | _aAGR PRO 2012 B051 Or.1 | ||
| 100 | _aPROEUNG, SITHA. | ||
| 245 | _aPesticide utilization on mango in koh thom district kandal province ការប្រើប្រាស់ថ្នាំពុលកសិកម្មលើដំណាំស្វាសយនៅស្រុកកោះធំ ខេត្ដកណ្ដាល | ||
| 260 |
_aPhnom Penh _bRUA _c2012 |
||
| 300 |
_axi; 46p. _bill. _c29cm. |
||
| 856 | _uhttps://drive.google.com/file/d/1894eZWRInsZx-qja4ugcdjdqDVXzMZ_a/view?usp=sharing | ||
| 942 | _cAGR | ||
| 999 |
_c1176 _d1176 |
||